Statistics for Daily Country Riddle #75

Click here to take the quiz!

General Stats

  • This quiz has been taken 103 times
  • The average score is 13 of 15

Answer Stats

TypeAnswer% Correct
Found LetterA
100%
Found LetterN
99%
Found LetterE
94%
Found LetterG
93%
Found LetterL
92%
Correctly Placed LetterE
90%
Correctly Placed LetterE
87%
Correctly Placed LetterN
83%
Correctly Placed LetterA
80%
Correctly Placed LetterG
79%
Found LetterS
79%
Found LetterE
76%
Correctly Placed LetterL
76%
Correctly Placed LetterS
76%
Mystery CountrySenegal
76%

Score Distribution

Percentile by Number Answered

Percent of People with Each Score

Your Score History

You have not taken this quiz